000 00420nam a2200157 4500
001 145316
003 ES-MaACL
005 20230906201216.0
007 t|
008 070214s1932 gw r ||||1| ger d
100 1 _aSpann, Othmar.
_9107638
245 1 0 _aGeschichtsphilosophie /
_cOthmar Spann.
260 _aJena :
_bGustav Fischer,
_c1932.
300 _aXV, 456 p. ;
_c19 cm.
852 _aES-MaACL
_jF-15125
_bR.18929
999 _c145316
_d145316